| 000 | 00691nam a22002417a 4500 | ||
|---|---|---|---|
| 005 | 20170124105924.0 | ||
| 010 | _aB-063150 | ||
| 020 |
_c00 _a1895727014 |
||
| 035 | _aB-063150 | ||
| 037 | _bCen Lib/Ret | ||
| 040 |
_aDPL _bEN |
||
| 082 |
_a327.172 _bNAI |
||
| 100 |
_aNaidu, M.V. _9113802 |
||
| 245 |
_aWar, security, peace / _c by M.V. Naidu |
||
| 246 | _b | ||
| 260 |
_bM.I.T.A. Press _c1996 _aCanada |
||
| 270 |
_bCanada _a511, Pinegrove Road Oakville, Ontario |
||
| 300 |
_aiv, 454p. _c19cm(Hb) |
||
| 500 | _aIncludes bibliographical references | ||
| 650 |
_aSecurity, International _95538 |
||
| 650 |
_aPeace _95539 |
||
| 942 |
_2ddc _cEN _h327.172 _mNAI |
||
| 999 |
_c123349 _d123349 |
||